Up All Night songs - One Direction - Statistics

General Stats
  • This quiz has been taken 91 times
  • The average score is 14 of 18
Answer Stats
Answer % Correct
What Makes You Beautiful
100%
Up All Night
94%
I Want
91%
One Thing
91%
Gotta Be You
89%
Taken
86%
More Than This
83%
I Wish
80%
Moments
77%
Na Na Na
77%
Same Mistakes
77%
Everything About You
74%
Stole My Heart
74%
Tell Me a Lie
74%
Stand Up
69%
Save You Tonight
63%
Another World
60%
I Should Have Kissed You
60%
No matching quizzes found
Score Distribution
Percent of People with Each Score
Percentile by Number Answered
Your Score History
You have not taken this quiz